भारत का संविधान : (Record no. 209030)

MARC details
000 -LEADER
fixed length control field 00770nam a22001937a 4500
005 - DATE AND TIME OF LATEST TRANSACTION
control field 20250213122448.0
010 ## - LCCN (DPL NO)
LC control number HIN-129438
020 ## - INTERNATIONAL STANDARD BOOK NUMBER
Terms of availability 650.00
International Standard Book Number 9789395116817
035 ## - SYSTEM CONTROL NUMBER
System control number HN-101784
037 ## - SOURCE OF ACQUISITION
Source of stock number/acquisition DBAD
082 ## - DEWEY DECIMAL CLASSIFICATION NUMBER
Classification number 342.54
100 ## - MAIN ENTRY--PERSONAL NAME
Personal name बसु , दुर्गा दास
245 ## - TITLE STATEMENT
Title भारत का संविधान :
Statement of responsibility, etc दुर्गा दास बसु
Remainder of title एक परिचय /
250 ## - EDITION STATEMENT
Edition statement 1
260 ## - PUBLICATION, DISTRIBUTION, ETC. (IMPRINT)
Place of publication, distribution, etc गुरुग्राम , हरियाणा
Name of publisher, distributor, etc LexisNexis
Date of publication, distribution, etc 2024
270 ## - ADDRESS
Address 14th floor, building No. 10, Tower-B,DLF Cyber City, Phase-2
City Gurgaon
Postal code 122002
Telephone number 1244774444,1244774100
300 ## - PHYSICAL DESCRIPTION
Extent 693पृ.
Other physical details 24से.मी.(अजिल्द)
942 ## - ADDED ENTRY ELEMENTS (KOHA)
Source of classification or shelving scheme Dewey Decimal Classification
Item type Hindi Books
Classification part 342.54
Call number suffix बसुदु
Holdings
Withdrawn status Lost status Not for loan Collection code Home library Current library Date acquired Source of acquisition Cost, normal purchase price Full call number Barcode Copy number Cost, replacement price Koha item type
    Not For Loan Reference Central Library Central Library 13/02/2025 DBAD 650.00 342.54 बसुदु HN-101784 1 650.00 Hindi Books

© Delhi Public Library
Hit Counter
free hit counter